All Genshin Impact First Release banners. - Statistics

General Stats
  • This quiz has been taken 414 times
  • The average score is 17 of 20
Answer Stats
Version Name 5☆ Featured % Correct
1.0 Ballad In Goblets Venti
99%
1.1 Farewell of Snezhnaya Tartaglia
98%
1.1 Gentry Of Hermitage Zhongli
97%
2.3 Oni's Royale Arataki Itto
94%
2.1 Reign of Serenity Raiden Shogun
92%
1.6 Leaves In The Wind Kaedehara Kazuha
91%
1.0 Sparkling Steps Klee
90%
2.0 The Heron's Court Kamisato Ayaka
89%
1.3 Invitation To Mundane Life Xiao
88%
1.2 Adrift In The Harbor Ganyu
87%
2.5 Everbloom Violet Yae Miko
85%
1.3 Moment Of Bloom Hu Tao
84%
1.2 Secretum Secretorum Albedo
83%
2.6 Azure Excursion Kamisato Ayato
83%
1.3 Dance Of Lanterns Keqing
82%
2.1 Drifting Luminescence Sangonomiya Kokomi
82%
2.0 Tapestry Of Golden Flames Yoimiya
81%
1.5 Born Of Ocean Swell Eula
77%
2.4 The Transcendent One Returns Shenhe
77%
2.7 Discerner Of Enigmas Yelan
76%
No matching quizzes found
Score Distribution
Percent of People with Each Score
Percentile by Number Answered
Your Score History
You have not taken this quiz